000 01253nam a22003737a 4500
003 CHAP
005 20220329141016.0
008 971013s1996 r 00010 d
010 _a61223
011 _a62195
035 _a66369
040 _cCHAP
090 _aTesis
100 0 0 _aConstantino Pérez, N. Kenedy.
_927369
245 _aEstudio econométrico del mercado de café en México (1970-1995)
260 _aChapingo, Méx. :
_bEl autor,
_c1996
300 _a72 h.
_b; anexos
502 _aTesis (Lic. en Economía Agrícola) -- UACH. Departamento de Economía Agrícola
590 _aALEPH
_b10
_c20130110
_lUCH01
_h1341
590 _aBATCH-UPD
_b10
_c20130110
_lUCH01
_h0854
590 _aBATCH-UPD
_b10
_c20130410
_lUCH01
_h0525
590 _aBATCH-UPD
_b10
_c20130914
_lUCH01
_h0809
590 _aCONVERSION
_b10
_c20130109
_lUCH01
_h1333
650 1 4 _aCafé
_xExportación.
_917144
650 1 4 _aCafé
_xMercadeo.
_917169
650 1 4 _aCafé
_xMéxico.
_917176
650 1 4 _aCafé
_xPrecios.
_917187
650 1 4 _aOferta y demanda.
_982790
700 0 _aGómez Sánchez, Pedro.
_949904
901 _aBK
942 _cFOLL
949 _bBC
_cTES
_d-151549
_eTS1
_h29505
_i66369
_si
949 _bBC
_cTES
_d33724000622338
_eTS2
_fc.2
_h29506
_i66369
_si
999 _c61223
_d61223